Click the Eras of Classical Music in Order - Statistics

General Stats
  • This quiz has been taken 128 times
  • The average score is 6 of 7
Answer Stats
Hint Answer % Correct
500–1400 Medieval
87%
1800–1910 Romantic
84%
1580–1750 Baroque
82%
1950– Contemporary
79%
1750–1820 Classical
78%
1400–1600 Renaissance
78%
1890–1975 Modernist
68%
No matching quizzes found
Score Distribution
Percent of People with Each Score
Percentile by Number Answered
Your Score History
You have not taken this quiz